000 01126cam a2200301 i 4500
001 16157
003 DO-SdUEMH
005 20260115165932.0
007 ta
008 211105s2006 dr a|||gr|||| 000 0 spa|d
040 _aDO-SdUEMH
_bspa
_erda
041 _aspa
082 1 4 _aRD307.76729345 R426D
_bR426m
_mRD
084 _b08-01026
100 _aCorral, Julio C.
_eaut
245 1 0 _aLineamientos de políticas de desarrollo urbano para la ciudad de Mao /
_cJulio C. Corral, Angela Malagón, Evelio Toribio ; prólogo: Joaquín Gerónimo
246 _aMao :
_bLineamientos de políticas de desarrollo urbano
260 _c1999
264 0 1 _aSantiago de los Caballeros :
_bCEUR / PUCMM,
_c1999
300 _a233 páginas :
_bilustraciones,
_c28 cm.
336 _2rdacontent
_atexto
_btxt
337 _2rdamedia
_asin mediación
_bn
338 _2rdacarrier
_avolumen
_bnc
504 _aBibliografías en paginas 222-223-224-225-226-227
505 2 _aLa ciudad de Mao en el contexto subregional - Caracterización de la ciudad de Mao - Perfil, escenarios y lineamientos de políticas.
942 _2ddc
_cBK
_n0
999 _c16157
_d16157